| 000 -CABECERA |
| campo de control de longitud fija |
00818nam a2200265 a 4500 |
| 001 - NÚMERO DE CONTROL |
| campo de control |
000081621 |
| 005 - FECHA Y HORA DE LA ÚLTIMA TRANSACCIÓN |
| campo de control |
20200120224608.0 |
| 008 - DATOS DE LONGITUD FIJA--INFORMACIÓN GENERAL |
| campo de control de longitud fija |
161123s2008 sp a|||gr|||| 000 ||spa d |
| 020 ## - NÚMERO INTERNACIONAL ESTÁNDAR DEL LIBRO |
| Número Internacional Estándar del Libro |
9788434226838 |
| 041 0# - CÓDIGO DE LENGUA |
| Código de lengua del texto/banda sonora o título independiente |
/-spa |
| 043 ## - CÓDIGO DE ÁREA GEOGRÁFICA |
| Código de área geográfica |
ae-uk-en |
| 082 04 - NÚMERO DE LA CLASIFICACIÓN DECIMAL DEWEY |
| Número de clasificación |
928 |
| Número de documento/Ítem |
M47 |
| Número de edición |
21 |
| 100 1# - ENTRADA PRINCIPAL--NOMBRE DE PERSONA |
| Nombre de persona |
Miranda, Pau |
| 245 10 - MENCIÓN DE TÍTULO |
| Título |
Alejandro Magno / |
| Mención de responsabilidad, etc. |
Pau Miranda, ilustrado por Christian Inaraja. |
| 250 ## - MENCIÓN DE EDICIÓN |
| Mención de edición |
1a. ed. |
| 260 ## - PUBLICACIÓN, DISTRIBUCIÓN, ETC. |
| Lugar de publicación, distribución, etc. |
Barcelona : |
| Nombre del editor, distribuidor, etc. |
Parramon, |
| Fecha de publicación, distribución, etc. |
2008. |
| 300 ## - DESCRIPCIÓN FÍSICA |
| Extensión |
63 páginas : |
| Otras características físicas |
ilustraciones a color. |
| 490 #0 - MENCIÓN DE SERIE |
| Mención de serie |
Me llamo... |
| 500 ## - NOTA GENERAL |
| Nota general |
Incluye cronología |
| 600 17 - PUNTO DE ACCESO ADICIONAL DE MATERIA--NOMBRE DE PERSONA |
| Nombre de persona |
Magno, Alejandro, |
| Fechas asociadas al nombre |
356-323 |
| 600 17 - PUNTO DE ACCESO ADICIONAL DE MATERIA--NOMBRE DE PERSONA |
| Nombre de persona |
Magno, Alejandro, |
| Fechas asociadas al nombre |
356-323 |
| Subdivisión general |
Biografía |
| 650 17 - PUNTO DE ACCESO ADICIONAL DE MATERIA--TÉRMINO DE MATERIA |
| Término de materia o nombre geográfico como elemento de entrada |
Imperio Bizantino |
| Subdivisión general |
Historia |
| Fuente del encabezamiento o término |
LEMB |
| 651 #7 - PUNTO DE ACCESO ADICIONAL DE MATERIA--NOMBRE GEOGRÁFICO |
| Nombre geográfico |
Roma |
| Subdivisión general |
Historia - Imperio, |
| Subdivisión cronológica |
3o A.C-476 D.C. |
| 700 1# - PUNTO DE ACCESO ADICIONAL--NOMBRE DE PERSONA |
| Nombre de persona |
Inaraja, Christian, |
| Término indicativo de función/relación |
ilustrador |